| 000 | 00346nam a22001337a 4500 | ||
|---|---|---|---|
| 020 | _a0-07-032593-6 | ||
| 082 | _a629.28722 JOH'A | ||
| 100 |
_aJOHNSON, JAMES A _975423 |
||
| 245 | _aAUTOMOTIVE DIAGNOSIS AND TUNEUP | ||
| 260 |
_aNEWYORK _bMCGRAW HILL _c1977 |
||
| 300 | _a394P | ||
| 650 |
_aAUTOMOTIVE MAINTENACE AND REPAIR _975424 |
||
| 942 | _cBK | ||
| 999 |
_c580838 _d580838 |
||